Arabesque (curva entre líneas) : de Frederic Gómez : 7 i 8 de setembre de 2013 de Frederic Gómez : 7 i 8 de setembre de 2013
Descripción Física:
1 targeta postal ; il. col. ; 11 x 15 cm.
Idioma:
Catalán
MARC
| LEADER | 00000nkm a22000007a 4500 | ||
|---|---|---|---|
| 001 | 27159 | ||
| 003 | Arxiu | ||
| 005 | 20260324181147.0 | ||
| 008 | 221221b spa||||| |||| 00| 0 cat d | ||
| 017 | |a B 20768-2013 | ||
| 040 | |a agdb |b cat | ||
| 245 | |a Arabesque (curva entre líneas) : |b de Frederic Gómez : 7 i 8 de setembre de 2013 | ||
| 260 | |a Barcelona : |b Institut del Teatre ; |c 2013 | ||
| 300 | |a 1 targeta postal ; |b il. col. ; |c 11 x 15 cm. | ||
| 490 | |a Factoria IT 12/13. Nous creadors de teatre i dansa | ||
| 500 | |a Postal promocional de l'espectacle de dansa "Arabesque (curva entre líneas)" representada els dies 7 i 8 de setembre de 2013, al Teatre Ovidi Montllor de l'Institut del Teatre. | ||
| 650 | 0 | |9 53824 |a Dansa |z Barcelona (Catalunya) | |
| 655 | 0 | |9 52685 |a Targetes postals | |
| 710 | 1 | |9 52662 |a Institut del Teatre (Barcelona, Catalunya) | |
| 942 | |2 udc |c ARXIU |n 1 | ||
| 952 | |0 0 |1 0 |2 udc |4 0 |6 NBM1680 |7 1 |9 64900 |a Arxiu |b Arxiu |d 2022-12-21 |l 0 |o NBM-16-80 |p 27159 |r 2022-12-21 00:00:00 |w 2022-12-21 |y ARXIU | ||
| 999 | |c 82862 |d 82862 | ||